000 01064nam a2200253 a 4500
999 _c447658
_d447658
003 BLK
005 20230628121750.0
008 220302b bul|||||r ||||||| ||bul||
040 _aBLK
041 _aBUL
_cBUL
080 _aНародни песни - исторически, хороводни, обичайни
_b784.4
_x(497.215)(062)
_z784.4(497.215)(062)
139 _bФ 69
245 1 0 _aФолклорен фестивал "От Дунав до Балкана" град Борово
_h[Малотир. изд.]
260 _aРусе
_bб. и.
_c2011
_9441842
300 _a1 л.
_bс ил.
_c 22х32 см , сгънат до 11х22 см
380 _a7
500 _aОрганизатори : Община Борово; Народно читалище "Искра" гр. Борово, област Русе
653 7 _9199443
_aфолклорни ансамбли
653 7 _9199262
_aфестивали
852 _bК
_cК 78/Ф 69
942 _cKNG
_n0
_s1
_01
944 _aCR
_c2022-03-08
_kХристина Везирева
999 _d447658